[Event "EU-Cup 18th"]
[Site "Kallithea"]
[Date "2002.09.27"]
[Round "6.2"]
[White "Nikolic, Predrag"]
[Black "Polgar, Judit"]
[Result "0-1"]
[WhiteElo "2653"]
[BlackElo "2681"]
[Annotator "Finkel,A"]
[PlyCount "98"]
[EventDate "2002.09.22"]
[EventType "team-swiss"]
[EventRounds "7"]
[EventCountry "GRE"]
[SourceTitle "CBM 092"]
[Source "ChessBase"]
[SourceDate "2003.02.06"]
[SourceVersion "1"]
[SourceVersionDate "2003.02.06"]
[SourceQuality "1"]
[WhiteTeam "Kiseljak"]
[BlackTeam "Warsaw Polonia"]
[WhiteTeamCountry "BIH"]
[BlackTeamCountry "POL"]

1. d4 Nf6 2. Nf3 g6 3. g3 Bg7 4. Bg2 d5 5. O-O O-O 6. Nbd2 Nbd7 7. c4 (7. c3 a5
8. a4 Re8 9. Re1 e5 10. dxe5 Nxe5 11. Nxe5 Rxe5 12. Nf3 Re8 $10 {Negulescu,
A-Lputian,S/Erevan/1988}) 7... c5 $5 {Quite risky move perfectly suiting
Judit's agressive style.} (7... dxc4 8. Nxc4 Nb6 (8... c6 9. b3 Nb6 10. Nfe5
Nxc4 11. Nxc4 Bf5 12. Bb2 Qc8 13. Re1 $14 {Ernst,L-Steblecki,S/Germany 1995})
9. Nce5 Bf5 10. b3 Be4 11. Bb2 a5 12. Qc1 a4 13. b4 Nfd5 14. a3 c6 15. Rd1 Qc8
16. Nd3 $14 {Barcza,G-Polgar,I/HUN-ch 1966}) 8. b3 (8. cxd5 Nxd5 (8... cxd4 9.
Nxd4 Nb6 $1 10. e4 Nfxd5 11. exd5 Bxd4 12. Ne4 Bg7 (12... Be5 13. Bh6 Re8 14.
Qb3 Nxd5 15. Rad1 e6 16. Nc3 Bxc3 17. bxc3 $44 {Callergard,R-Ernst,T/Naestved
1988}) 13. Nc3 Nc4 14. Qb3 Nd6 $10 {Sosonko,G-Ye Jiangchuan/Luzern 1989}) 9. e4
Nb4 10. Qb3 a5 11. d5 a4 {1/2-1/2 Izeta Txabarri,F-Urban,K/Pula 1997/CBM 57
ext (11)}) 8... b6 9. Bb2 Bb7 10. Rc1 Ne4 $6 {After this move white gets
better chances without any effort, but I can understand Judit who didn't want
to play.} (10... dxc4 11. Nxc4 cxd4 12. Qxd4 (12. Nxd4 Bxg2 13. Kxg2 Rc8 14. f3
a6 15. e4 b5 $11) 12... Nh5 13. Qh4 Bxb2 14. Nxb2 e5 15. Qxd8 Rfxd8 16. Rfd1
$14 {[%cal Gc1c7]}) 11. Nxe4 dxe4 12. Ng5 cxd4 (12... Bh6 13. h4 cxd4 14. Qxd4
e5 15. Qd6 $14) (12... Nb8 $5 {[%csl Rd4]} 13. e3 cxd4 14. exd4 Qd7 15. Nxe4
Nc6 16. Nc3 Nxd4 (16... Bxd4 17. Nd5 $18) 17. Bxb7 Qxb7 18. Nd5 Nc6 19. Bxg7
Kxg7 20. Qf3 $14) 13. Bxd4 Bh6 14. Be3 (14. h4 $5 Qc7 15. Qc2 $14) 14... Ne5 $5
{Sacrificing an exchange for a pawn, but black hardly had another alternative.}
15. Ne6 $5 (15. Bxe4 Bxe4 16. Nxe4 Bxe3 17. fxe3 Qc7 18. Qc2 $14) 15... Qxd1
16. Rcxd1 Bxe3 17. Nxf8 Bxf2+ 18. Rxf2 Rxf8 19. e3 Rc8 20. Rfd2 Rc7 $1 {
It's very important for black to keep the rooks on the board.} 21. Rd8+ Kg7 22.
Bf1 $5 f5 23. Be2 Bc8 24. Kf2 Bd7 25. h3 h5 26. Ke1 Kf6 27. Rd2 {[%cal Ge1d1,
Gd1c2,Gc2c3]} (27. Kd2 Nc6 28. Ra8 Bc8 $1 29. Kc3 Bb7 30. Rf8+ Kg7 31. Re8 Kf7
$11) 27... Be6 $1 {[%cal Ge5c6]} 28. Rf8+ (28. Kd1 Nc6 29. Ra8 Bc8 30. Kc2 Bb7
$11) 28... Kg7 29. Ra8 Nc6 30. g4 $5 fxg4 31. hxg4 h4 $1 32. Bd1 $2 {After
this careless move it's white who is fighting for equality.} (32. g5 $1 Ne5 (
32... Bc8 $6 33. Kf2 Bb7 34. Re8 Kf7 $2 35. Rh8 $18 {[%csl Rh4]}) 33. Kf2 Nf7
34. a4 Nxg5 35. a5 bxa5 36. Ra2 Rb7 37. Bd1 Rd7 $13) 32... g5 $1 {[%csl Rg4]}
33. Bc2 Ne5 34. Bxe4 Nxg4 35. Rg2 h3 36. Rg3 Rd7 $1 {[%csl Ra8]} 37. Rxh3 Nf6
38. Bg2 Bxh3 39. Bxh3 g4 $15 40. Bg2 Kg6 41. Rc8 Kf5 42. Bc6 $6 {Bishop has
nothing to do on c6.} (42. c5 $1 bxc5 43. Rxc5+ e5 44. Rc4 $11) 42... Rd6 43.
Ke2 e5 44. b4 $2 {It wasn't too late to come back to g2.} (44. Bg2 $8) 44... e4
$1 45. Rc7 (45. c5 bxc5 $1 (45... Rd3 $2 46. cxb6 axb6 47. Bxe4+ Kxe4 48. Rc4+
$18) 46. bxc5 Rd3 47. Bb5 Rc3 48. c6 (48. Kd2 g3 $1 $19) 48... g3 49. Kf1 Rxe3
50. c7 Rc3 $17) 45... g3 46. Bb7 Kg6 $1 $19 47. Bc8 Rd2+ 48. Kf1 Rxa2 49. b5
Nh7 {[%cal Gh7g5,Gg5f3]} 0-1

[Event "Bundesliga 0506"]
[Site "Germany"]
[Date "2006.01.28"]
[Round "8.1"]
[White "Gustafsson, Jan"]
[Black "Tregubov, Pavel V"]
[Result "0-1"]
[WhiteElo "2615"]
[BlackElo "2583"]
[Annotator "Finkel,A"]
[PlyCount "86"]
[EventDate "2005.10.21"]
[EventType "team-tourn"]
[EventRounds "15"]
[EventCountry "GER"]
[SourceTitle "CBM 111"]
[Source "ChessBase"]
[SourceDate "2006.04.04"]
[SourceVersion "1"]
[SourceVersionDate "2006.04.04"]
[SourceQuality "1"]
[WhiteTeam "Hamburger SK"]
[BlackTeam "Muelheim Nord"]
[WhiteTeamCountry "GER"]
[BlackTeamCountry "GER"]

1. Nf3 d5 2. d4 c6 3. Bf4 Qb6 4. Qc1 Nf6 5. e3 Bf5 6. Nbd2 e6 7. Be2 Nbd7 8. h3
Be7 {There is no need to waste a tempo on 8...h6 as Black has no reasons to
suspect from Nh4.} (8... h6 9. O-O Be7 10. Ne5 Nxe5 11. Bxe5 O-O 12. c4 a5 13.
cxd5 exd5 14. Rd1 Nd7 15. Bg3 Be6 $11 {Santos,J-Popchev,M/Manila 1992}) 9. O-O
O-O (9... Ne4 10. Nxe4 Bxe4 11. c4 f6 12. c5 Qd8 13. b4 g5 14. Bh2 h5 15. Nd2
Bf5 16. Qd1 $14 {Porth,D-Thoma,C/Germany 1996}) 10. Nh4 $6 {The approach to
this position is too optimistic. After 11.f3 the Pe3 is a major weakness.} (10.
c4) 10... Be4 11. f3 {[%csl Re3]} Bg6 12. Nxg6 hxg6 13. c3 ({After} 13. c4 c5
$1 {[%csl Re3] White would have to be very careful to keep the balance.}) 13...
e5 $1 {After this move it becomes clear that Black is the only one who is
fighting for the advantage.} 14. Bg5 {Probably the best. Other moves wouldn't
promise White an easy life either.} (14. Bg3 exd4 15. cxd4 c5 16. Nb3 Rac8 17.
dxc5 Nxc5 18. Qd1 Nxb3 19. Qxb3 Qxb3 20. axb3 Bc5 $15) (14. dxe5 $2 Nh5 15. Kh1
Nxf4 16. exf4 Qe3 17. Re1 Qxf4 18. Nb3 Qxc1 19. Raxc1 Bh4 $17) 14... Rfe8 15.
Re1 c5 {Opening up the center serves Black as White's hands are tied by
defending e3.} 16. dxe5 Nxe5 17. f4 Nc6 18. Bf3 Rad8 19. Bxf6 $5 (19. c4) 19...
Bxf6 20. Kh2 $6 {Intending to meet ...Bh4 with g3, but underestimating Black's
reply.} (20. e4 {deserved attention:} Bh4 21. Re2 $1 (21. Rd1 dxe4 22. Nxe4 c4+
23. Kh1 Rxd1+ 24. Qxd1 Qxb2 25. Qb1 Qxb1+ 26. Rxb1 Na5 $17) 21... d4 22. e5
$132 {with a playable position.}) 20... g5 $1 $36 21. Qc2 c4 22. e4 $1 (22. Nf1
gxf4 23. exf4 d4 $15) 22... gxf4 23. exd5 Ne5 24. Re2 Qb5 $5 {[%csl Rd5,Ge8]}
25. Be4 {Once again White opts for the best continuation.} (25. Rae1 $143 $6
Nxf3+ 26. Nxf3 Rxe2 27. Rxe2 Qxd5 28. Qa4 a6 29. Rd2 Qe6 $17) 25... Bh4 26. Kh1
Nd3 27. Nxc4 $6 {White was defending perfectly up to this point, but his last
move puts him in danger again.} (27. Rf1 $142 f5 (27... Qxb2 $2 28. Bxd3 $18)
28. a4 Qa6 29. Bxd3 cxd3 30. Rxe8+ Rxe8 31. Qb3 $13) 27... Nf2+ 28. Rxf2 Bxf2
29. b3 Qc5 $17 {[%cal Gb7b5]} 30. a4 Bg3 $6 31. Qd3 Qf2 32. d6 (32. Rf1 $2
Qxf1+ 33. Qxf1 Rxe4 $19) (32. Qf3 Qxf3 33. Bxf3 Re1+ 34. Rxe1 Bxe1 35. d6 Bxc3
36. Bxb7 Bb4 $19) 32... f3 (32... b6 $5) 33. Qxf3 Qxf3 34. gxf3 Bxd6 35. Bxb7
Be5 36. Rc1 $2 ({After the correct} 36. Nxe5 $5 Rxe5 37. b4 Rd2 38. c4 Rh5 $15
{White should be able to squeeze a draw.}) 36... Bf4 37. Rb1 Rd3 $19 {Now it's
all over.} 38. Na3 Rxc3 39. Nb5 Rce3 40. Be4 a5 41. b4 axb4 42. a5 Re5 43. a6
R3xe4 $1 0-1

[Event "Bundesliga 0203"]
[Site "Germany"]
[Date "2003.03.29"]
[Round "14.3"]
[White "Jirovsky, Milos"]
[Black "Lau, Ralf"]
[Result "1-0"]
[WhiteElo "2457"]
[BlackElo "2491"]
[Annotator "Finkel,A"]
[PlyCount "103"]
[EventDate "2002.10.19"]
[EventType "team-tourn"]
[EventRounds "15"]
[EventCountry "GER"]
[SourceTitle "CBM 095"]
[Source "ChessBase"]
[SourceDate "2003.07.25"]
[SourceVersion "1"]
[SourceVersionDate "2003.07.25"]
[SourceQuality "1"]
[WhiteTeam "Forchheim"]
[BlackTeam "Kreuzberg"]
[WhiteTeamCountry "GER"]
[BlackTeamCountry "GER"]

1. d4 g6 2. g3 d5 3. Bg2 Bg7 4. Nf3 e6 5. Nbd2 Nf6 (5... Nc6 6. c3 f5 7. Qb3
Nge7 8. h4 h6 9. Nf1 b6 10. Bf4 Bb7 11. N1d2 Qd7 $13 {Tuncer,U-Kalinitschew,S/
Boeblingen 1998}) 6. O-O (6. c3 O-O 7. Qc2 c5 8. dxc5 a5 9. b4 Na6 10. Rb1 e5
11. Nxe5 Bf5 12. Nd3 Re8 13. Nf3 Ne4 $44 {Sygulski,A-Toshkov,T/Jurmala 1987})
6... O-O 7. c4 {The position is very similar to fianchetto variation of
gruenfeld defense, however the position of a black pawn on e6 makes this
comparison favorable to white.} b6 8. b4 Nbd7 (8... dxc4 9. Nxc4 (9. Ne5 $6
Qxd4) 9... Bb7 10. a4 Nbd7 11. Ba3 Re8 12. b5 $14) 9. Ba3 {It's a bit strange
to put a bishop on a3 as long white pawn is on a2.} Re8 10. Rc1 Bb7 11. e3 c6 (
{Some attention deserved} 11... dxc4 $5 12. Nxc4 a6 {[%csl Ra3]} 13. Nfe5 Bxg2
14. Kxg2 Nxe5 15. Nxe5 Qd5+ 16. Qf3 Qxa2 17. e4 $44 {[%csl Rc7,Rf7] although
white seems to have sufficient compensation for the lack of pawn.}) 12. Rc2 Bf8
13. Qc1 a5 14. b5 ({Nothing promised} 14. bxa5 Bxa3 15. Qxa3 Rxa5 16. Qb2 Qa8
17. Ne5 Qa7 $13 {[%csl Ra2] and black is doing fine.}) 14... c5 15. Rd1 {
[%cal Gd1d8]} Rc8 16. Bb2 Bg7 17. Ne5 $1 {[%csl Rb7][%cal Gg2b7]} Nxe5 (17...
Qe7 18. cxd5 exd5 19. Nxd7 Nxd7 20. dxc5 Nxc5 (20... bxc5 $2 21. Bxg7 Kxg7 22.
Nc4 $1 $16 {[%csl Ra5,Rd5]}) 21. Bxg7 Kxg7 22. Nf3 $14) 18. dxe5 Ng4 19. cxd5
exd5 20. Nc4 $1 {[%cal Gc4d6]} Nxe5 $6 {Serious positional mistake after which
black faces serious problems.} (20... Bxe5 $1 21. Nxe5 Nxe5 22. Rcd2 Qd7 $1 23.
Bxd5 Bxd5 24. Rxd5 Nf3+ 25. Kg2 Qg4 $11 26. Qc3 $140 Nh4+ 27. Kf1 Qh3+ 28. Ke2
Qg4+ 29. Kd2 Nf3+ 30. Kc1 Nd4 $1 $15) 21. Bxe5 $1 {White knight on c4 is much
stronger than black darksquared bishop.} Bxe5 22. Rcd2 Qf6 23. Bxd5 Bxd5 24.
Rxd5 {[%csl Gc4]} Bc7 25. Qc2 $14 Qf3 (25... Red8 26. Rd7 Qe6 27. Rxd8+ (27.
Rxc7 $6 Rxd1+ 28. Qxd1 Rxc7 29. Qd8+ Kg7 30. Qxc7 Qxc4 31. Qxb6 a4 $11) 27...
Rxd8 28. Rxd8+ Bxd8 29. Qd3 $14) 26. R1d2 h5 27. Nd6 $1 Bxd6 28. Rxd6 Qb7 $2 {
[%csl Rb7] Missing white's reply.} (28... Rb8 $8 $14) 29. Qc4 $16 {[%cal Gd6d7,
Gd6g6]} Qe4 30. Qxe4 Rxe4 31. Rxb6 Rb4 32. Rd7 c4 33. Rc6 $1 Rb8 (33... Rxc6 $2
34. bxc6 c3 35. c7 Rc4 36. Rd8+ $18) 34. Rcc7 c3 35. Kg2 c2 36. Rxc2 R8xb5 37.
Ra7 h4 38. a3 Ra4 $6 {[%csl Ra4]} (38... Re4) 39. Rc3 hxg3 40. hxg3 Kg7 41. f4
g5 $6 42. Kf3 gxf4 43. gxf4 Rb6 44. Re7 Rh6 45. Kg4 Rg6+ (45... Kg6 46. Rc6+
Kg7 47. Rxh6 Kxh6 48. Rxf7 $18) 46. Kf5 Rb6 47. Ke5 Kf8 $2 48. Rcc7 $18 f6+ 49.
Kf5 Rxa3 50. Rh7 Kg8 51. Rhd7 Rb8 52. Kg6 1-0

[Event "St Petersburg-ch 77th"]
[Site "St Petersburg"]
[Date "2004.04.05"]
[Round "5"]
[White "Chepukaitis, Genrikh"]
[Black "Popov, Valerij"]
[Result "0-1"]
[WhiteElo "2413"]
[BlackElo "2580"]
[Annotator "Finkel,A"]
[PlyCount "136"]
[EventDate "2004.04.01"]
[EventType "tourn"]
[EventRounds "11"]
[EventCountry "RUS"]
[EventCategory "10"]
[SourceTitle "CBM 101"]
[Source "ChessBase"]
[SourceDate "2004.07.27"]
[SourceVersion "1"]
[SourceVersionDate "2004.07.27"]
[SourceQuality "1"]

1. d4 d5 2. Nf3 c6 3. Bf4 Nf6 4. Nbd2 Nh5 $5 5. Bg3 {Giving up the bishop
doesn't look right under the circumstanes.} (5. Bxb8 Rxb8 6. e3 (6. e4 dxe4 7.
Nxe4 Bg4 8. c3 e6 9. h3 Bxf3 10. Qxf3 Nf6 $11 {Stodolkowitz,G-Paul,E/
Hockenheim 1994}) 6... g6 7. c4 Bg7 8. cxd5 Qxd5 9. Bc4 Qa5 10. O-O O-O 11. a3
Nf6 12. b4 Qh5 $13 {Rakic,T-Smagin,S/Novi Sad 1986}) (5. e3 Nxf4 6. exf4 Qb6 7.
b3 g6 8. c3 Bg7 9. Rc1 O-O 10. Bd3 c5 11. dxc5 Qxc5 12. Qc2 Nc6 $15 {Sinka,
B-Glavan,S/Caorle 1989}) (5. Bg5 h6 6. Bh4 g5 7. Bg3 Nxg3 8. hxg3 Bg7 9. e3 Bf5
10. Bd3 e6 11. Bxf5 exf5 12. c4 dxc4 13. Nxc4 $14 {Brecht,A-Schawelka,K/
Germany 1993}) (5. Be5 Nd7 6. e3 Nxe5 7. Nxe5 g6 8. Bd3 Bg7 9. f4 O-O 10. O-O
Bxe5 11. fxe5 f6 $13 {Kourek,J-Vavra,P/Czechia 1996}) 5... Qb6 (5... Nxg3 6.
hxg3 g6 7. e4 dxe4 8. Nxe4 Bg7 9. Bc4 Bf5 $6 10. Neg5 e6 11. Rxh7 Rxh7 12. Nxh7
$14 {Kalabic,F-Kimpinsky,F/Germany 1998}) 6. Qc1 g6 7. e3 Nd7 8. c4 (8. Bh4 $5)
8... Bg7 9. cxd5 Nxg3 10. hxg3 cxd5 11. Qc3 O-O 12. Rc1 Re8 $1 {[%cal Ge7e5]
Now everything is set up for ...e5 break.} 13. Nb3 e5 14. Be2 {Taking on e5
would be too optimistic, since black bishop on g7 turns into the monster!} (14.
dxe5 $6 Nxe5 15. Nxe5 (15. Nfd4 Bg4 16. Qd2 Rac8 $17) 15... Bxe5 16. Qd2 d4 17.
e4 Bg7 18. Bd3 Be6 $15) 14... e4 15. Nfd2 Bf8 16. Qa5 Qxa5 17. Nxa5 Bd6 18. a3
f5 19. b4 Nf6 20. Nb1 (20. Bb5 Re7 21. Ke2 Be6 $15) 20... b6 21. Nc6 (21. Nb3
Bb7 22. Nc3 Rac8 23. Kd2 h5 24. Nb5 Bb8 $15) 21... Bb7 22. Kd2 Rec8 {Black has
symbolic advantage due to a bishops pair, however a draw is the most likely
outcome of the game.} 23. b5 h5 24. Nb4 Kf7 25. Nc3 Rc7 26. Nca2 Rac8 27. Rxc7+
Rxc7 28. Nc3 (28. Rc1 Rxc1 29. Kxc1 g5 30. Kd2 h4 31. gxh4 gxh4 $15) 28... Ke6
29. Bd1 Bxb4 30. axb4 Bc8 31. Be2 Bd7 32. f3 Kd6 33. Ra1 Be6 34. Nd1 Bf7 35.
Nf2 Be6 36. Rc1 Bd7 37. Rh1 Ke7 38. Ra1 Be6 39. Rc1 Kd8 (39... Rxc1 40. Kxc1
exf3 41. Bxf3) 40. Nd1 $6 {Thus far white was defending correctly, but his
last move is a serious inaccuracy. After natural} (40. Rxc7 Kxc7 41. f4 Ne8 42.
Nd1 Kd6 43. Nc3 Nc7 44. Ke1 Bd7 45. Kf2 $11 {a draw is inevitable.}) 40... exf3
41. gxf3 $6 Rxc1 42. Kxc1 g5 $17 {[%cal Gh5h4]} 43. Kd2 h4 44. gxh4 gxh4 45.
Nf2 Nh5 46. Bf1 (46. Nh3 f4 47. Nxf4 (47. Bf1 Ng3 48. Nxf4 Nxf1+ 49. Ke1 Nxe3
50. Nxe6+ Kd7 51. Ng5 Nc2+ $19) 47... Nxf4 48. exf4 h3 49. Bf1 h2 50. Bg2 Bd7
$19) 46... Ng3 47. Bg2 Bd7 $19 48. Nh3 Bxb5 49. Nf4 Nf1+ 50. Bxf1 Bxf1 51. Ke1
Bc4 52. Kf2 Kd7 53. Ng6 a5 54. bxa5 bxa5 55. Nxh4 a4 56. Ng2 a3 57. Ne1 Bb3 58.
Nd3 Ke7 59. Nc1 Bc4 60. Kg3 a2 61. Nxa2 Bxa2 62. Kf4 Kf6 63. e4 Bb3 64. e5+ Kg6
65. Kg3 Kg5 66. f4+ Kh5 67. Kf3 Bd1+ 68. Kg3 Bg4 0-1

[Event "Bundesliga 0405"]
[Site "Germany"]
[Date "2005.01.30"]
[Round "9.4"]
[White "Borbjerggaard, Lars"]
[Black "Dautov, Rustem"]
[Result "1/2-1/2"]
[WhiteElo "2374"]
[BlackElo "2623"]
[Annotator "Finkel,A"]
[PlyCount "65"]
[EventDate "2004.11.12"]
[EventType "team-tourn"]
[EventRounds "15"]
[EventCountry "GER"]
[SourceTitle "CBM 106"]
[Source "ChessBase"]
[SourceDate "2005.06.06"]
[SourceVersion "1"]
[SourceVersionDate "2005.06.06"]
[SourceQuality "1"]
[WhiteTeam "Preetz"]
[BlackTeam "Baden Oos"]
[WhiteTeamCountry "GER"]
[BlackTeamCountry "GER"]

1. d4 Nf6 2. Nf3 e6 3. Bf4 c5 4. c3 b6 5. e3 Be7 6. h3 O-O 7. Nbd2 d5 8. Ne5
Bb7 9. Bd3 Nc6 (9... Nbd7 10. O-O Nxe5 11. Bxe5 Nd7 12. Bg3 Bf6 13. Nf3 Qe7 14.
Qe2 Rfe8 15. Rad1 c4 16. Bb1 b5 $13 {Bisguier,A-Peters,J/Greenville 1980}) (
9... Ne4 10. Qc2 f5 11. O-O Nd7 12. Rad1 Ndf6 13. Bh2 Qe8 14. Rfe1 Rc8 15. Nf1
b5 $132 {Polgar,Z-Imocha,L/Tunja 1989}) 10. Qf3 (10. O-O Nd7 11. Nxc6 Bxc6 12.
Qe2 Bf6 13. Nf3 Re8 14. Rad1 Qc8 15. Bg5 Bxg5 16. Nxg5 h6 17. Nf3 Qc7 $11 {
Andersson,M-Dzevlan,M/Malmo 2004}) 10... a6 11. g4 $6 {White is hardly
threatening to launch an attack on the kingside so his last move just creates
a weakness in white's camp.} Nxe5 12. Bxe5 Nd7 13. Bf4 f6 {[%cal Ge6e5]} (13...
b5 $5 14. Rg1 b4 15. g5 bxc3 16. bxc3 Qa5 $15 {[%csl Rc3]}) 14. Qg3 $2 {
Calling for troubles.} (14. Bg3) 14... e5 15. g5 exf4 (15... g6 $5 16. gxf6
exf4 17. fxe7 Qxe7 18. Qg1 Rae8 19. Ke2) 16. Bxh7+ Kh8 $6 {Substantially
decreasing the advantage, but not crossing the line of missing the win yet!} (
16... Kxh7 17. g6+ Kh6) 17. Qg4 fxg5 18. Bf5 Rxf5 $5 (18... Nf6 19. Qxg5 Qe8 $1
{[%cal Ge8h5]} (19... Qd6 $6 20. Qh4+ Kg8 21. Rg1 {[%cal Gg1g7]} Bd8 $5 (21...
Bc8 $6 22. Rxg7+ Kxg7 23. Qg5+ Kh8 24. Qh6+ $11) 22. Nf3 Bc8 (22... Re8 $2 23.
Rxg7+ Kxg7 24. Qg5+ Kf8 25. Qh6+ Kg8 26. Bh7+ Nxh7 (26... Kh8 $2 27. Bg6+ Kg8
28. Bf7+ $3 Kxf7 29. Ng5+ Ke7 30. Qg7#)) 23. Rxg7+ Kxg7 24. Qg5+ Kf7 25. Ne5+
Qxe5 26. Qg6+ Ke7 27. dxe5 Bxf5 28. Qxf5 Ne4 29. Qh7+ $13) 20. Bg6 (20. Rg1 $6
Nh5 21. Qg4 fxe3 22. fxe3 Bc8 $19) 20... Qb5 21. Rg1 Qxb2 22. Rb1 Qxc3 23. Qh4+
Kg8 24. Bf5 Rf7 $19) 19. Qxf5 Nf8 $5 (19... Qc7 20. h4 gxh4 21. Nf3 Rf8 22. Qg4
fxe3 23. fxe3 Kg8 24. Nxh4 Bxh4+ 25. Rxh4 Nf6 $17) 20. h4 $6 gxh4 21. Nf3 fxe3
22. fxe3 Bf6 $19 23. Nxh4 Bxh4+ 24. Kd2 Nh7 $2 (24... Kg8 $1 25. Raf1 Bf6 $19)
25. Qh5 g5 (25... g6 26. Qxg6 $1 Qg5 27. Rag1 $1 Qxg6 28. Rxg6 $11) 26. Raf1
$132 {[%csl Rh8][%cal Gf1f7] All of a sudden white gets a counterplay based on
the weakness of tje seventh rank.} Qe7 27. Rf7 Qe4 28. Rhf1 {[%cal Gf1f5]} c4 (
28... Bc6 29. R1f5 $11) (28... Rg8 29. R1f5 Rg7 30. Rf8+ Rg8 31. R8f7 $11) 29.
R1f5 Qd3+ 30. Kc1 Qxe3+ 31. Kd1 Qd3+ 32. Kc1 Qe3+ 33. Kd1 1/2-1/2

[Event "Olympiad-36"]
[Site "Mallorca"]
[Date "2004.10.17"]
[Round "3"]
[White "Bogdanovski, Vlatko"]
[Black "Mastrovasilis, Athanasios"]
[Result "0-1"]
[WhiteElo "2443"]
[BlackElo "2502"]
[Annotator "Finkel,A"]
[PlyCount "92"]
[EventDate "2004.10.15"]
[EventType "team-swiss"]
[EventRounds "14"]
[EventCountry "ESP"]
[SourceTitle "CBM 104"]
[Source "ChessBase"]
[SourceDate "2005.01.27"]
[SourceVersion "1"]
[SourceVersionDate "2005.01.27"]
[SourceQuality "1"]
[WhiteTeam "Macedonia"]
[BlackTeam "Greece"]
[WhiteTeamCountry "MKD"]
[BlackTeamCountry "GRE"]

1. d4 Nf6 2. Nf3 e6 3. Bf4 b6 4. e3 Bb7 5. Bd3 Be7 6. h3 O-O 7. Nbd2 d5 8. c3
c5 9. O-O Nbd7 10. Qb1 Re8 (10... h6 11. b4 (11. a4 a5 12. Re1 Rc8 13. Bh2 Ne8
14. e4 cxd4 15. Nxd4 Nc5 16. Bc2 Bg5 $13 {Zach,A-Bogdanovich,G/Crailsheim 1995}
) 11... cxb4 (11... c4 12. Bc2 Nh5 13. Bh2 f5 14. Ne5 Nxe5 15. Bxe5 Bd6 16. Nf3
$14 {Salac,J-Hajek,M/Karvina 1985}) 12. cxb4 Ne4 13. Nxe4 dxe4 14. Bxe4 Bxe4
15. Qxe4 Nf6 16. Qb7 Bxb4 17. Rfc1 Nd5 $11 {Boensch,U-Jaster,R/Cottbus 1983}) (
10... a5 11. a4 Ba6 12. Bxa6 Rxa6 13. b3 Qa8 14. c4 Qb7 15. Qd3 Raa8 16. Rfd1
Rfd8 $13 {Bronstein,D-Levitt,J/Polanica Zdroj 1988}) (10... a6 11. Ne5 h6 12.
Bh2 Nxe5 13. dxe5 Nd7 14. Qd1 c4 15. Bc2 Nc5 16. Qg4 $36 {Sorensen,
H-Frederiksen,H/Copenhagen 1996}) 11. a4 (11. Ng5 h6 $2 (11... g6 $142) 12.
Bh7+ Kf8 13. Ngf3 Ng8 14. Ne5 Nxe5 15. dxe5 Qc7 16. e4 $36 {Loch,H-Von
Buhrmeister,P/Germany 1998}) 11... a6 12. b4 {Virtually forcing black to close
the queenside.} (12. Re1 Nf8 13. Ne5 Nh5 14. Bh2 f6 15. Ng6 $1 f5 16. Nxe7+
Qxe7 17. Nf3 $14 {Grebenschikova,N-Kutukova,V/Protvino 2001}) 12... c4 $5 13.
Bc2 g6 14. Re1 Bf8 15. Qb2 Bg7 16. Rad1 {The only chance to fight for the
advantage was} (16. e4 dxe4 17. Nxe4 Nxe4 18. Bxe4 Bxe4 19. Rxe4 Nf6 20. Re2
Nd5 21. Bg3 b5 22. a5 $14) 16... Rc8 17. Bh2 {White insists not to push e4!} (
17. e4 $5) 17... Ne4 18. b5 (18. Nxe4 dxe4 19. Nd2 f5 20. Rf1 e5 21. dxe5 Qe7
$15) 18... a5 19. Bb1 ({The multiple trades after} 19. Nxe4 {appear to be in
black's favor} dxe4 20. Ne5 Nxe5 21. Bxe5 Bxe5 22. dxe5 Qg5 23. Rd6 Qxe5 24.
Qa3 Rb8 25. Rxb6 Red8 26. Rd1 Rxd1+ 27. Bxd1 Rd8 28. Be2 Qc7 $17) 19... Qe7 20.
Rf1 f5 {Closing the center and diverting the play to the kingside.} 21. Bc2
Red8 22. Ne5 Nxe5 23. Bxe5 Bxe5 24. dxe5 Nxd2 25. Rxd2 Qg7 26. f4 g5 {Black is
the one who fights for the advantage, but since all the play is hapening on
the kingside white has no problems whatsoever to hold the position.} 27. Rd4 (
27. Kh2 gxf4 28. exf4 d4 29. Rdf2 d3 30. Bd1 Kh8 31. g4 fxg4 32. hxg4 $13 {
[%cal Gh2g3,Gf2h2]}) 27... Kh8 28. Bd1 Rg8 29. Qf2 Qh6 {Preparing to double
the rooks over the g-file.} 30. Kh2 Rg6 31. g3 Rcg8 32. Rg1 Bc8 33. Be2 Qg7 34.
Qe1 (34. Rdd1 $5) 34... Bd7 35. Rd2 Be8 36. Bd1 Rh6 {With idea to play Bh5 on
the next move.} 37. g4 {White doesn't want to let it happen, even though g4
wasn't necessary.} fxg4 38. Bxg4 (38. Rxg4 Qe7 39. Rdg2 Rhg6 40. Qf2 $13) 38...
Bh5 39. Qg3 $4 {A blunder which costs white the game.} (39. Rdg2) 39... gxf4
40. Qxf4 Bxg4 41. Rg3 Rxh3+ 42. Rxh3 Bxh3 43. Kxh3 Rf8 44. Rg2 Rxf4 45. Rxg7
Kxg7 46. exf4 Kg6 0-1